[Event "ARG-ch Amateur"]
[Site "Termas de Rio Hondo"]
[Date "2019.11.15"]
[Round "2"]
[White "Torres, Fernando"]
[Black "Salvatti, Diego"]
[Result "1-0"]
[WhiteElo "2147"]
[BlackElo "2059"]
[PlyCount "61"]
[EventDate "2019.11.15"]
[EventType "swiss"]
[EventRounds "7"]
[EventCountry "ARG"]
[SourceTitle "CBM 193 Extra"]
[Source "ChessBase"]
[SourceDate "2020.01.31"]
[SourceVersion "1"]
[SourceVersionDate "2020.01.31"]
[SourceQuality "1"]

1. e4 d5 2. exd5 Qxd5 3. Nc3 Qd6 4. Nf3 Bg4 5. Be2 Nf6 6. 0-0 e6 7. d4 c6 8. Be3 Nbd7 9. Nd2 Bxe2 10. Qxe2 Qc7 11. a4 Bb4 12. Nf3 Bxc3 13. bxc3 0-0 14. Bg5 h6 15. Bh4 Qa5 16. Qc4 Nd5 17. Ra3 Rac8 18. Qb3 c5 19. Qxb7 N7b6 20. Ne5 cxd4 21. Nc6 Qc5 22. Ne7+ Nxe7 23. Bxe7 Rc7 24. Bxc5 Rxb7 25. Bxf8 Kxf8 26. cxd4 Nc4 27. Rc3 Rb4 28. Ra1 a5 29. Rb3 Rxb3 30. cxb3 Nb6 31. b4 1-0

[Event "ARG-ch U2300"]
[Site "Tacuari"]
[Date "2018.11.18"]
[Round "4"]
[White "Torres, Fernando"]
[Black "Diaz, Diego Patricio"]
[Result "1-0"]
[WhiteElo "2112"]
[BlackElo "2033"]
[PlyCount "79"]
[EventDate "2018.11.16"]
[EventType "swiss"]
[EventRounds "7"]
[EventCountry "ARG"]
[SourceTitle "EXT 2020"]
[Source "ChessBase"]
[SourceDate "2019.10.17"]
[SourceVersion "1"]
[SourceVersionDate "2019.10.17"]
[SourceQuality "1"]

1. e4 c5 2. Nf3 e6 3. d4 cxd4 4. Nxd4 a6 5. Bd3 Nf6 6. Qe2 d6 7. 0-0 Qc7 8. a4 Nbd7 9. Nb3 d5 10. Nc3 dxe4 11. Nxe4 Nxe4 12. Bxe4 Bd6 13. g3 0-0 14. Rd1 Nf6 15. Bg2 Bd7 16. Bg5 Ne8 17. c4 h6 18. Be3 Bc6 19. Bxc6 Qxc6 20. c5 Be7 21. Na5 Qc7 22. b4 e5 23. Nc4 Nf6 24. Bc1 Rad8 25. Bb2 Rxd1+ 26. Rxd1 Qc6 27. Qc2 e4 28. Bxf6 Bxf6 29. Rd6 Qe8 30. Rb6 Qe7 31. Nd6 e3 32. Rxb7 Qe6 33. fxe3 Qxe3+ 34. Qf2 Qd3 35. Kg2 Bd4 36. Qa2 Qe3 37. Rxf7 Rxf7 38. Qxf7+ Kh7 39. Qf5+ Kg8 40. Qd5+ 1-0

[Event "ARG-ch sf U2300 Rojas Memorial"]
[Site "Santiago del Estero"]
[Date "2018.01.13"]
[Round "1.1"]
[White "Torres, Fernando"]
[Black "Vergara, Ramon Antonio"]
[Result "1-0"]
[WhiteElo "2084"]
[BlackElo "1895"]
[PlyCount "113"]
[EventDate "2018.01.13"]
[EventType "swiss"]
[EventRounds "6"]
[EventCountry "ARG"]
[SourceTitle "EXT 2024"]
[Source "ChessBase"]
[SourceDate "2023.10.10"]
[SourceVersion "1"]
[SourceVersionDate "2023.10.10"]
[SourceQuality "1"]

1. e4 d6 2. d4 Nf6 3. Nc3 Nbd7 4. Nf3 e5 5. Bc4 Be7 6. h3 h6 7. Be3 c6 8. a4 Qc7 9. Qd2 a5 10. Bb3 Rb8 11. g4 Nf8 12. d5 Ng6 13. g5 hxg5 14. Nxg5 c5 15. Bc4 Ng4 16. 0-0-0 Nxe3 17. Qxe3 Nf4 18. Bb5+ Bd7 19. Nf3 Bf6 20. Kb1 Ke7 21. Bxd7 Qxd7 22. h4 Rh5 23. Rdg1 Rbh8 24. b3 g5 25. Nb5 g4 26. Nd2 Nh3 27. Rf1 Kf8 28. Nc4 Be7 29. f3 g3 30. Nb6 Qd8 31. Rxh3 Qxb6 32. Rxg3 Bxh4 33. Rg4 Bf6 34. f4 Rh1 35. Rgg1 R8h3 36. Qf2 Rxg1 37. Qxg1 exf4 38. Qg4 Rh4 39. Qc8+ Ke7 40. Nc7 Rh8 41. Na8 Rxc8 42. Nxb6 Rh8 43. Nc4 Be5 44. Nxa5 Rh7 45. Nxb7 Rh8 46. Na5 Rg8 47. Nc6+ Kd7 48. a5 Bc3 49. a6 Kc7 50. a7 Kb7 51. Ka2 f3 52. Rxf3 Bh8 53. Rxf7+ Kb6 54. Nb8 Rg1 55. a8N+ Ka5 56. Nc6+ Ka6 57. Ra7+ 1-0

[Event "Monteros op 7th"]
[Site "Monteros"]
[Date "2017.08.20"]
[Round "4"]
[White "Herrera, Pablo Francisco"]
[Black "Torres, Fernando"]
[Result "1-0"]
[WhiteElo "1952"]
[BlackElo "2081"]
[PlyCount "165"]
[EventDate "2017.08.19"]
[EventType "swiss"]
[EventRounds "7"]
[EventCountry "ARG"]
[SourceTitle "EXT 2020"]
[Source "ChessBase"]
[SourceDate "2019.10.17"]
[SourceVersion "1"]
[SourceVersionDate "2019.10.17"]
[SourceQuality "1"]

1. d4 Nf6 2. Nf3 b5 3. Bf4 Bb7 4. e3 a6 5. h3 g6 6. Nbd2 Bg7 7. Be2 0-0 8. 0-0 d6 9. a4 b4 10. Bh2 Nbd7 11. c4 c5 12. d5 Ne8 13. Qc2 e6 14. e4 e5 15. Bd3 Bh6 16. Rae1 Bc8 17. Kh1 Ndf6 18. g4 Bxd2 19. Nxd2 h5 20. f3 Kg7 21. Kg2 Rh8 22. Rh1 Nh7 23. Bg3 Nef6 24. Nf1 b3 25. Qxb3 Bd7 26. Qd1 Rb8 27. b3 Nf8 28. Ne3 Qa5 29. Bc2 Qc3 30. Re2 Qa5 31. Qd2 Qb6 32. Ree1 Qb4 33. Qxb4 Rxb4 34. Rb1 g5 35. Be1 Rb7 36. b4 Ng6 37. b5 Nf4+ 38. Kg1 axb5 39. cxb5 hxg4 40. hxg4 Ne2+ 41. Kf2 Rxh1 42. Kxe2 Ne8 43. b6 Bc8 44. a5 Rb8 45. Bd3 c4 46. Nxc4 Ba6 47. Nb2 Bc8 48. Nd1 Kf6 49. a6 Bxa6 50. Bxa6 Ke7 51. Bf2 Rh2 52. Bd3 Nf6 53. Ne3 Nd7 54. Nf5+ Kf6 55. b7 Nc5 56. Bc4 Rxb7 57. Rxb7 Nxb7 58. Bb5 Rh1 59. Bc6 Na5 60. Nxd6 Ra1 61. Ne8+ Kg6 62. Bd7 Nb3 63. Bf5+ Kh6 64. Be3 Ra2+ 65. Kd3 f6 66. Nxf6 Na5 67. Bc5 Kg7 68. Nh5+ Kh8 69. Bd6 Kg8 70. Be6+ Kh7 71. Bxe5 Ra3+ 72. Bc3 Nb7 73. Nf6+ Kg6 74. Bf5+ Kf7 75. Nd7 Nd6 76. Ne5+ Ke8 77. Bd7+ Kd8 78. Bc6 Ra2 79. Nc4 Nc8 80. Bf6+ Kc7 81. Be5+ Kd8 82. d6 Nxd6 83. Bf6+ 1-0

[Event "Monteros op 7th"]
[Site "Monteros"]
[Date "2017.08.19"]
[Round "1"]
[White "Machicado, Francisco"]
[Black "Torres, Fernando"]
[Result "0-1"]
[WhiteElo "1504"]
[BlackElo "2081"]
[PlyCount "92"]
[EventDate "2017.08.19"]
[EventType "swiss"]
[EventRounds "7"]
[EventCountry "ARG"]
[SourceTitle "EXT 2020"]
[Source "ChessBase"]
[SourceDate "2019.10.17"]
[SourceVersion "1"]
[SourceVersionDate "2019.10.17"]
[SourceQuality "1"]

1. d4 Nf6 2. c4 e6 3. Nc3 d5 4. Bg5 Be7 5. e3 0-0 6. Bd3 a6 7. cxd5 Nxd5 8. Bxe7 Nxe7 9. Nge2 Nd7 10. 0-0 c5 11. Rc1 cxd4 12. Nxd4 Ne5 13. Be2 N5g6 14. Qc2 e5 15. Nf3 Bf5 16. e4 Be6 17. Rfd1 Qa5 18. Ng5 Nf4 19. Nxe6 Nxe6 20. Qa4 Qxa4 21. Nxa4 Nd4 22. Bf1 Rac8 23. Nc5 Rc7 24. Nd3 Rxc1 25. Rxc1 Nec6 26. Nc5 g6 27. Nxb7 Rb8 28. Bxa6 Nb4 29. Nc5 Nxa2 30. Rd1 Rxb2 31. Bf1 Nc3 32. Re1 f6 33. Nd3 Rd2 34. h3 Kg7 35. f3 h5 36. Kh2 Nxf3+ 37. Kg3 Nxe1 38. Nxe1 Nxe4+ 39. Kf3 Rf2+ 40. Kxe4 Rxf1 41. Nf3 Kf7 42. g4 hxg4 43. hxg4 Ke6 44. Nh4 Rf4+ 45. Ke3 Rxg4 46. Nf3 Ra4 0-1

[Event "ARG-ch sf"]
[Site "La Banda"]
[Date "2017.01.14"]
[Round "1"]
[White "Diaz, Cristian"]
[Black "Torres, Fernando"]
[Result "0-1"]
[WhiteElo "1911"]
[BlackElo "2130"]
[PlyCount "102"]
[EventDate "2017.01.14"]
[EventType "swiss"]
[EventRounds "6"]
[EventCountry "ARG"]
[SourceTitle "CBM 176 Extra"]
[Source "ChessBase"]
[SourceDate "2017.03.02"]
[SourceVersion "1"]
[SourceVersionDate "2017.03.02"]
[SourceQuality "1"]

1. Nf3 Nf6 2. d3 g6 3. g3 Bg7 4. Bg2 0-0 5. 0-0 c5 6. c4 d5 7. Nc3 Nc6 8. Bf4 d4 9. Na4 Nd7 10. Rb1 a6 11. Qc1 e5 12. Bd2 Qe7 13. b3 b5 14. Nb2 Bb7 15. cxb5 axb5 16. a4 b4 17. Nc4 Na5 18. Nxa5 Rxa5 19. Bh6 Nb6 20. Bxg7 Kxg7 21. Nd2 Bxg2 22. Kxg2 Nd5 23. Nc4 Ra7 24. Qc2 Nc3 25. Rbe1 f5 26. e3 e4 27. f3 dxe3 28. Rxe3 Nd5 29. Ree1 e3 30. f4 Re8 31. Ne5 Qd6 32. Qc4 Rxe5 33. fxe5 Qxe5 34. Kg1 Qd4 35. Qxd4+ cxd4 36. Rc1 Ra5 37. Kg2 Kf6 38. Kf3 Nc3 39. h3 Ke6 40. g4 fxg4+ 41. hxg4 h5 42. Kg3 e2 43. Rf8 Ke7 44. Rf2 Re5 45. Re1 Re3+ 46. Kh4 hxg4 47. Kxg4 Rxd3 48. a5 Rd2 49. Kf4 Ra2 50. Ke5 d3 51. Rh2 Rxa5+ 0-1

[Event "Belem Leao Memorial"]
[Site "Belem"]
[Date "2015.06.05"]
[Round "1"]
[White "Torres, Fernando"]
[Black "Miranda, Luis"]
[Result "1-0"]
[WhiteElo "1983"]
[BlackElo "1905"]
[PlyCount "109"]
[EventDate "2015.06.05"]
[EventType "swiss"]
[EventRounds "6"]
[EventCountry "BRA"]
[SourceTitle "EXT 2016"]
[Source "ChessBase"]
[SourceDate "2015.10.08"]
[SourceVersion "1"]
[SourceVersionDate "2015.10.08"]
[SourceQuality "1"]

1. e4 c5 2. Nf3 d6 3. d4 cxd4 4. Nxd4 Nf6 5. Nc3 a6 6. Be3 Ng4 7. Qd2 Nxe3 8. fxe3 Nc6 9. Bc4 Ne5 10. Bb3 g6 11. 0-0-0 Bg7 12. Rhf1 0-0 13. h3 Bd7 14. Nf3 Rc8 15. Nd5 a5 16. c3 Bb5 17. Nxe5 Bxe5 18. a3 Bxf1 19. Rxf1 g5 20. Qf2 Kg7 21. h4 e6 22. hxg5 exd5 23. Qh4 Rh8 24. Bxd5 Rc7 25. Qh6+ Kg8 26. g6 Bg7 27. Qf4 Qf6 28. gxf7+ Kf8 29. Qxf6 Bxf6 30. Rxf6 Rd7 31. Rh6 Kg7 32. Rh5 h6 33. g4 b6 34. Rf5 Re7 35. Kd2 Re5 36. Rf4 Rg5 37. Kd3 Rg6 38. Kd4 Rd8 39. c4 Rf6 40. e5 dxe5+ 41. Kxe5 Rg6 42. e4 Kf8 43. Kd4 Rdd6 44. e5 Rd7 45. Ke4 Rg5 46. e6 Rd8 47. Kf3 Ke7 48. Rf5 b5 49. b3 a4 50. b4 Rxf5+ 51. gxf5 bxc4 52. Bxc4 h5 53. Ke4 Rh8 54. Ke5 Rh6 55. b5 1-0

[Event "Buenos Aires Duchamp op 1st"]
[Site "Buenos Aires"]
[Date "2011.09.22"]
[Round "9"]
[White "Gimenez, Martin"]
[Black "Torres, Fernando"]
[Result "1-0"]
[WhiteElo "2043"]
[BlackElo "2004"]
[PlyCount "79"]
[EventDate "2011.09.12"]
[EventType "swiss"]
[EventRounds "9"]
[EventCountry "ARG"]
[SourceTitle "EXT 2014"]
[Source "ChessBase"]
[SourceDate "2013.11.20"]
[SourceVersion "1"]
[SourceVersionDate "2013.11.20"]
[SourceQuality "1"]

1. e4 c5 2. Nc3 e6 3. g3 Nc6 4. Bg2 g6 5. d3 Bg7 6. Be3 d6 7. Qd2 Nge7 8. Bh6 0-0 9. Bxg7 Kxg7 10. h4 h5 11. Nge2 d5 12. f4 d4 13. Nd1 b5 14. Nf2 f5 15. Nh3 Qb6 16. Ng5 Bd7 17. g4 fxg4 18. f5 gxf5 19. Nf4 e5 20. Nfe6+ Kg8 21. Nxf8 Rxf8 22. exf5 Bxf5 23. 0-0-0 Ng6 24. Bd5+ Kg7 25. Rhf1 Nce7 26. Be4 Qd6 27. Bxf5 Rxf5 28. Ne4 Qe6 29. Qg5 Qb6 30. Qd2 Nf4 31. Rde1 Neg6 32. Ng3 Rf8 33. Rxe5 Nxe5 34. Rxf4 Qg6 35. Rxf8 Kxf8 36. Qf4+ Nf7 37. Nf5 Qf6 38. Qb8+ Nd8 39. Qc8 Ke8 40. b3 1-0

[Event "Buenos Aires Duchamp op 1st"]
[Site "Buenos Aires"]
[Date "2011.09.21"]
[Round "8"]
[White "Torres, Fernando"]
[Black "Alegre, Eugenia"]
[Result "1-0"]
[WhiteElo "2004"]
[BlackElo "1696"]
[PlyCount "53"]
[EventDate "2011.09.12"]
[EventType "swiss"]
[EventRounds "9"]
[EventCountry "ARG"]
[SourceTitle "EXT 2014"]
[Source "ChessBase"]
[SourceDate "2013.11.20"]
[SourceVersion "1"]
[SourceVersionDate "2013.11.20"]
[SourceQuality "1"]

1. e4 c5 2. Nf3 d6 3. d4 cxd4 4. Nxd4 Nf6 5. Nc3 g6 6. Be2 Bg7 7. Be3 Nc6 8. g4 Qa5 9. Nb3 Qc7 10. h3 Ne5 11. g5 Nfd7 12. Nd5 Qd8 13. Qd2 Nb6 14. 0-0-0 Nxd5 15. Qxd5 Qc7 16. Kb1 Be6 17. Qd2 a5 18. f4 Nc6 19. Nd4 Bd7 20. h4 0-0 21. h5 Qb6 22. Nb5 Qd8 23. hxg6 hxg6 24. Bc4 Be6 25. Bd5 Nb4 26. Qh2 f5 27. Bxe6+ 1-0

[Event "Buenos Aires Bolivar op 4th"]
[Site "Buenos Aires"]
[Date "2011.06.21"]
[Round "7"]
[White "Pereira, Augusto"]
[Black "Torres, Fernando"]
[Result "1-0"]
[WhiteElo "2258"]
[BlackElo "2015"]
[PlyCount "101"]
[EventDate "2011.06.13"]
[EventType "swiss"]
[EventRounds "9"]
[EventCountry "ARG"]
[SourceTitle "EXT 2014"]
[Source "ChessBase"]
[SourceDate "2013.11.20"]
[SourceVersion "1"]
[SourceVersionDate "2013.11.20"]
[SourceQuality "1"]

1. d4 Nf6 2. c4 g6 3. Nc3 d5 4. Nf3 Bg7 5. e3 0-0 6. Qb3 dxc4 7. Bxc4 Nc6 8. Be2 a5 9. 0-0 Nd7 10. d5 Nce5 11. Nd4 Nb6 12. Rd1 a4 13. Qb5 Qd6 14. f4 Bd7 15. fxe5 Bxb5 16. exd6 Bxe2 17. Ndxe2 cxd6 18. Bd2 Nc4 19. Rab1 Rfc8 20. a3 f5 21. Kf2 Be5 22. g3 h6 23. Nd4 Kh7 24. Ke2 Rc5 25. Rf1 Rcc8 26. Ncb5 Nb6 27. Nc3 Bxd4 28. exd4 Ra5 29. Kd3 Nxd5 30. Nxd5 Rxd5 31. Rbc1 Re8 32. Rc7 Kg8 33. Kc4 e6 34. Bxh6 b5+ 35. Kc3 e5 36. dxe5 dxe5 37. Kc2 Re6 38. Rd1 Rxd1 39. Kxd1 Rd6+ 40. Ke2 Rb6 41. Be3 Rb8 42. Bd2 Rb6 43. Bc3 e4 44. Ke3 Rd6 45. Rg7+ Kf8 46. Bb4 Kxg7 47. Bxd6 Kf6 48. Bb4 g5 49. h4 f4+ 50. gxf4 gxh4 51. Kxe4 1-0

[Event "Buenos Aires Bolivar op 4th"]
[Site "Buenos Aires"]
[Date "2011.06.16"]
[Round "4"]
[White "Gimenez, Santiago"]
[Black "Torres, Fernando"]
[Result "1-0"]
[WhiteElo "2270"]
[BlackElo "2015"]
[PlyCount "127"]
[EventDate "2011.06.13"]
[EventType "swiss"]
[EventRounds "9"]
[EventCountry "ARG"]
[SourceTitle "EXT 2014"]
[Source "ChessBase"]
[SourceDate "2013.11.20"]
[SourceVersion "1"]
[SourceVersionDate "2013.11.20"]
[SourceQuality "1"]

1. e4 c5 2. Nf3 e6 3. d4 cxd4 4. Nxd4 a6 5. c4 Nc6 6. Nc3 Qa5 7. Be2 Nf6 8. 0-0 Be7 9. Be3 0-0 10. a3 d6 11. b4 Qc7 12. Rc1 Nxd4 13. Qxd4 Bd7 14. Rfd1 Rac8 15. f3 Qb8 16. a4 Rfd8 17. a5 Be8 18. Rb1 d5 19. exd5 Bd6 20. f4 e5 21. Qa7 exf4 22. Qxb8 Bxb8 23. Bd4 f3 24. gxf3 Nh5 25. c5 Bf4 26. Bd3 Bd7 27. d6 Bg5 28. b5 axb5 29. Bxb5 Bf5 30. Bd3 Bxd3 31. Rxd3 Nf4 32. Rdd1 Ne6 33. Bf2 Nxc5 34. Ne4 Nxe4 35. fxe4 Rd7 36. Bb6 Rc2 37. Bc7 Be3+ 38. Kh1 g5 39. Rxb7 Bf4 40. a6 Rxh2+ 41. Kg1 Ra2 42. Rb8+ Kg7 43. Rd8 Rxd8 44. Bxd8 g4 45. Bh4 g3 46. Rd3 Rxa6 47. d7 Bc7 48. d8Q Bxd8 49. Rxg3+ Kf8 50. Bxd8 Ra4 51. e5 Ke8 52. Bf6 Ra1+ 53. Kg2 Ra2+ 54. Kh3 Kd7 55. Rg7 Ke6 56. Rxh7 Ra4 57. Kg3 Ra3+ 58. Kg4 Ra4+ 59. Kg5 Ra1 60. Rh4 Rg1+ 61. Rg4 Rh1 62. Rd4 Rg1+ 63. Kh6 Kf5 64. Rd7 1-0

[Event "COL-ch Amateur"]
[Site "Neiva"]
[Date "2011.06.03"]
[Round "4"]
[White "Torres, Fernando"]
[Black "Giron, Yorman Omar"]
[Result "0-1"]
[WhiteElo "2015"]
[BlackElo "1897"]
[PlyCount "73"]
[EventDate "2011.06.02"]
[EventType "swiss"]
[EventRounds "9"]
[EventCountry "COL"]
[SourceTitle "CBM 142 Extra"]
[Source "ChessBase"]
[SourceDate "2011.06.27"]
[SourceVersion "1"]
[SourceVersionDate "2011.06.27"]
[SourceQuality "1"]

1. e4 c5 2. Nf3 d6 3. d4 cxd4 4. Nxd4 Nf6 5. Nc3 a6 6. Bc4 e6 7. Bb3 Be7 8. f3 0-0 9. Be3 b5 10. Qd2 Bb7 11. 0-0-0 Nbd7 12. g4 Nc5 13. Kb1 Nxb3 14. cxb3 Nd7 15. h4 Nc5 16. g5 b4 17. Na4 Nxa4 18. bxa4 d5 19. e5 Qd7 20. b3 Bc5 21. h5 Bxd4 22. Qxd4 a5 23. g6 fxg6 24. hxg6 hxg6 25. Rdg1 Qf7 26. Qh4 Qf5+ 27. Ka1 Qd3 28. Qh7+ Kf7 29. Bh6 Rg8 30. Rc1 Qd4+ 31. Kb1 Qxe5 32. Rhe1 Qf5+ 33. Ka1 Rac8 34. Rxc8 Qf6+ 35. Kb1 Rxc8 36. Rc1 Rxc1+ 37. Kxc1 0-1